UBT Library

Rezort Turistik- VILLAT (Record no. 45287)

000 -LEADER
fixed length control field 00262nam a22001217a 4500
008 - FIXED-LENGTH DATA ELEMENTS--GENERAL INFORMATION
fixed length control field 180418b xxu||||| |||| 00| 0 eng d
041 ## - LANGUAGE CODE
Language code of text/sound track or separate title eng
080 ## - UNIVERSAL DECIMAL CLASSIFICATION NUMBER
Universal Decimal Classification number 10702
100 ## - Rafti
Rafti 0
101 ## - Shkurtesa
Shkurtesa BTH
245 ## - TITLE STATEMENT
Title Rezort Turistik- VILLAT
Statement of responsibility, etc Cetaj, A
942 ## - ADDED ENTRY ELEMENTS (KOHA)
Source of classification or shelving scheme
Item type Books
Holdings
Withdrawn status Lost status Source of classification or shelving scheme Damaged status Not for loan Collection code Permanent location Current location Shelving location Date acquired Total Checkouts Full call number Barcode Date last seen Price effective from Koha item type
          Koleksioni i përgjithshem UBT - Lipjan UBT - Lipjan Koleksioni i përgjithshem 04/18/2018   C 10702- 000002 Cetaj, A 2017 002-3002242 04/18/2018 04/18/2018 Books
          Koleksioni i përgjithshem UBT - Lipjan UBT - Lipjan Koleksioni i përgjithshem 04/18/2018   C 10702- 000002 Cetaj, A 2017 002-3002246 04/18/2018 04/18/2018 Books
UBT Library © 2015-2024. All rights reserved University Education for Business and Technology